| 000 | 00801cam a2200217 a 4500 | ||
|---|---|---|---|
| 020 | _a0003830209 | ||
| 082 | 0 |
_a343.078642 _bCOR |
|
| 100 | 1 |
_aCornes, David L. _937708 |
|
| 245 | 1 | 0 |
_aDesign liability in the construction industry / _cDavid L. Cornes. |
| 250 | _a2nd ed. | ||
| 260 |
_aLondon : _bCollins ; _a[Myrtle Beach, S.C.] : _bDistributed in the United States of America by Sheridan House, _c1985. |
||
| 300 |
_aviii, 232 p. ; _c24 cm. |
||
| 500 | _aIncludes indexes. | ||
| 526 |
_a0 _b0 _c0 _d343_078642000000000_COR |
||
| 650 | 0 |
_aArchitects _xMalpractice _zGreat Britain. _937709 |
|
| 650 | 0 |
_aConstruction contracts _zGreat Britain. _937710 |
|
| 650 | 0 |
_aEngineers _xMalpractice _zGreat Britain. _937711 |
|
| 650 | 0 |
_aMCE _9379 |
|
| 650 | 0 |
_aNegligence _zGreat Britain. _937712 |
|
| 942 |
_2ddc _cBK |
||
| 999 |
_c542528 _d542528 |
||